• 首页
  • 本馆介绍
  • 公告通知
  • 最新文献
  • 馆藏检索
  • 电子资源
  • 读者导购
  • 参考咨询
  • 我的图书馆
  • 登录
  • 详细信息显示
  • 放入我的书架
  • 预约/预借图书
  • 作者相关作品
  • 分类相关作品
  • 丛书相关作品
  • 出版社相关作品

书目信息

  • 表格格式
  • 工作单格式
  • 卡片格式
题名:
可持续发展与中国环境法治
    
 
作者: 王树义 主编
分册:   循环经济立法问题专题研究
出版信息: 北京   科学出版社  2007
页数: 391页
开本: 24cm
丛书名:
单 册:
中图分类: D922.684 , D922.604
科图分类:
主题词: 环境保护法--研究--中国 , 自然资源--资源经济学--立法--研究--中国 , 环境保护法 , 自然资源 , 资源经济学 , 立法
电子资源:
ISBN: 978-7-03-017794-0
000 01326nam0 2200349 450
001 003391146
005 20070805081032.87
010    @a978-7-03-017794-0@dCNY50.00
035    @a003391146
100    @a20070104d2007 em y0chiy0110 ea
101 0  @achi
102    @aCN@b110000
105    @ay z 000yy
106    @ar
200 1  @a可持续发展与中国环境法治@Ake chi xu fa zhan yu zhong guo huan jing fa zhi@i循环经济立法问题专题研究@Ixun huan jing ji li fa wen ti zhuan ti yan jiu@f王树义主编@Fwang shu yi zhu bian
210    @a北京@c科学出版社@d2007
215    @a391页@d24cm
300    @a教育部人文社会科学重点研究基地 武汉大学环境法研究所
312    @a封面英文共同题名:Sustainable development and China's environmental legal system
330    @a本书内容包括:循环经济的概念、我国发展循环经济的背景、法制手段推动循环经济发展的作用和局限、循环经济立法与现行法律之间的关系等。
510 1  @aSustainable development and China's environmental legal system@zeng
606 0  @a环境保护法@x研究@y中国
606 0  @a自然资源@x资源经济学@x立法@x研究@y中国
606 0  @a环境保护法
606 0  @a自然资源
606 0  @a资源经济学
606 0  @a立法
690    @aD922.684@v4
690    @aD922.604@v4
701  0 @a王树义@Awang shu yi@c(法学博士)@4主编
801  0 @aCN@bNLC@c20070805
905    @dD922.684@e808@f4
    
    可持续发展与中国环境法治.循环经济立法问题专题研究/王树义主编.-北京:科学出版社,2007
    391页;24cm
    教育部人文社会科学重点研究基地 武汉大学环境法研究所
    
    ISBN 978-7-03-017794-0:CNY50.00
    本书内容包括:循环经济的概念、我国发展循环经济的背景、法制手段推动循环经济发展的作用和局限、循环经济立法与现行法律之间的关系等。
●
相关链接 在E读中查询图书 在五车中查询图书 在当当中查询图书 在豆瓣中查询图书


正题名:可持续发展与中国环境法治     索取号:D922.684/808         预约/预借

序号 登录号 条形码 馆藏地/架位号 状态 备注
1 0852060   208520607   第一样本阅览室/ [索取号:D922.684/808] 在馆    
2 0852061   208520616   第一借阅区/ [索取号:D922.684/808] 在馆    
3 0852062   208520625   第一借阅区/ [索取号:D922.684/808] 在馆    
4 0852063   208520634   第一借阅区/ [索取号:D922.684/808] 在馆    
唐山师范学院图书馆 欢迎您!
大连网信软件有限公司© 版权所有